[Event "RUS-Cup01 Chigorin Memorial"]
[Site "St Petersburg"]
[Date "1997.11.02"]
[Round "2"]
[White "Morozevich, Alexander"]
[Black "Osnos, Viatcheslav"]
[Result "1-0"]
[WhiteElo "2590"]
[BlackElo "2440"]
[Annotator "Horn,Pe"]
[PlyCount "120"]
[EventDate "1997.11.01"]
[EventType "swiss"]
[EventRounds "9"]
[EventCountry "RUS"]
[SourceTitle "CBM 062"]
[Source "ChessBase"]
[SourceDate "1998.01.31"]
[SourceVersion "1"]
[SourceVersionDate "1998.01.31"]
[SourceQuality "1"]

1. e4 c5 2. Nf3 e6 3. d3 Nc6 4. g3 d5 5. Qe2 Nge7 6. c3 g6 7. Bg2 Bg7 8. O-O b6
9. Na3 {Mit diesem Aufbau hatte Schwarz in der letzten Zeit so seine Probleme.}
Ba6 10. e5 h6 (10... b5 11. Nc2 b4 12. cxb4 cxb4 13. b3 O-O 14. Bb2 Rc8 15. a3
bxa3 16. Rxa3 Qb6 17. Rfa1 $14 {Morozevich,A-Fominyh,A/RUS-ch m1-2/1997}) 11.
h4 Qc7 12. Re1 Qd7 $2 {Das ist ein Zeichen, daß Osnos schon nicht mehr
zufrieden war mit dem, was er vorher gemacht hatte: wenn er denn d7 für seine
Q als das richtige Feld ansieht, hätte er das einen Zug vorher ohne das Tempo
Re1 erreichen können. Anscheinend ist Osnos mit dem weißen Aufbau nicht so
vertraut.} (12... O-O-O $6 13. Rb1 g5 14. hxg5 Ng6 (14... hxg5 15. Bxg5 Ng6 16.
Bxd8 Rxd8 17. Qd1 Ngxe5 18. Nxe5 Bxe5 19. d4 cxd4 20. Qa4 $16 {Beshukov,
S-Sokolov,A/RUS-ch Elista/1996}) 15. gxh6 Bxh6 (15... Bxe5 16. Nxe5 Ncxe5 17.
c4 dxc4 $6 (17... Nc6 18. Nc2 dxc4 19. dxc4 Bb7 {/\ Nce5} 20. Bg5 Rdg8 21. Qh5
Nce5 22. Qh1 $1 Ng4 23. Ne3 Nxh6 24. Bxh6 Bxg2 25. Nxg2 Qc6 26. g4 $2 (26. Qh3
$1 $18) 26... Nf4 $1 $132 {Ehlvest,J-Yusupov,A/Novgorod/1995}) (17... Qe7 $5 {
Kaminski}) 18. dxc4 Bb7 19. Bg5 Rd3 20. Nb5 $18 {Kaminski,M-Kogan,A/Lazne
Bohdanec/1996}) 16. b4 (16. Bxh6 Rxh6 17. b4 $18) 16... Bxc1 17. Rbxc1 Nce7 18.
bxc5 Qxc5 19. Nc2 Kb8 20. Nb4 Bb7 21. d4 $16 {Chelushkina,I-Manakova,M/
JUG-chW1/1996}) (12... O-O $5 13. Bd2 (13. Nc2) 13... Qd7 14. b4 $6 cxb4 15.
cxb4 Nf5 $1 16. b5 $2 Ncd4 17. Nxd4 Nxd4 18. Qg4 Nxb5 19. Qa4 Rfd8 $19 {
Strikovic,A-Kaidanov,G/Erevan olm/1996}) (12... Rd8 13. Bf4 O-O 14. Nc2 d4 15.
c4 b5 16. cxb5 Bxb5 17. Na3 Ba6 18. Nc4 Nd5 19. Bd2 Nb6 20. h5 $6 Nxc4 21. dxc4
d3 $132 {Kaminski,M-Kogan,A/Biel op/1995}) 13. Rb1 Rb8 14. b4 cxb4 15. cxb4 $16
{[%cal Rb4b5]} b5 16. d4 {[%csl Ra6]} (16. Nc2) 16... Nc8 {[%cal Yc8b6,Yb6c4]}
17. Nc2 Nb6 18. h5 g5 19. Nh2 {[%cal Yh2g4]} Rc8 20. Qd3 Qc7 21. Ne3 Nc4 22.
Nhg4 Kf8 (22... O-O 23. Nf6+ Bxf6 24. exf6 Nxe3 25. Bxe3 {[%csl Rg5,Rh6][%cal
Yf2f4]} Qd8 26. a4) 23. a3 Qb6 24. Nc2 Bb7 25. f4 gxf4 (25... Rc7) 26. Bxf4 Ne7
27. Re2 Bc6 28. Kh2 {[%csl Rg7,Rh6]} Be8 29. Rf1 Nb2 30. Qd2 Nf5 31. Nf6 Na4
32. Ref2 Rc4 33. Bh3 Nxd4 34. Be3 Rxc2 (34... Nb3 35. Qd3 d4 36. Nd7+ Bxd7 37.
Rxf7+ Ke8 (37... Kg8 38. Rxg7+ Kxg7 39. Qg6#) 38. Rxg7 $18) 35. Qxd4 (35. Qxc2
Nxc2 36. Bxb6 Nxb6 37. Rxc2 Nc4 38. Ng4 Ke7 $14) 35... Qxd4 36. Bxd4 Rc7 (36...
Rxf2+ 37. Rxf2 $16 {[%cal Rf2c2,Rd4a7]}) 37. Rf4 Ke7 38. R1f2 Kd8 39. Bf1 a6
40. Rg4 Bf8 41. Nxd5 exd5 42. e6 Rh7 43. Bd3 fxe6 44. Bxh7 Rxh7 (44... Bxb4 45.
axb4 Rxh7 46. Rg8 Kd7 47. g4 $18) 45. Rxf8 Ke7 46. Rfg8 Bxh5 47. R4g7+ Rxg7 48.
Rxg7+ Bf7 (48... Kd6 49. g4 Be8 50. Rh7 $18) 49. g4 e5 50. Bxe5 Nb6 51. Rh7 Nc4
52. Bd4 Nxa3 53. Rxh6 Nc2 54. Bc5+ Ke8 55. Rxa6 d4 56. Rd6 Bc4 57. Kg3 d3 58.
Kf4 Na3 59. Kf5 Nb1 60. Be3 Ke7 1-0

[Event "EU-Cup 13th final"]
[Site "Kazan"]
[Date "1997.12.29"]
[Round "2"]
[White "Sanduleac, Vasile"]
[Black "Slutzky, Leonid"]
[Result "1/2-1/2"]
[WhiteElo "2425"]
[BlackElo "2355"]
[Annotator "Horn,Pe"]
[PlyCount "91"]
[EventDate "1997.12.28"]
[EventType "team-k.o."]
[EventRounds "4"]
[EventCountry "RUS"]
[SourceTitle "EXT 2020"]
[Source "ChessBase"]
[SourceDate "2019.10.17"]
[SourceVersion "1"]
[SourceVersionDate "2019.10.17"]
[SourceQuality "1"]
[WhiteTeam "Chisinau Rezina-Gaz"]
[BlackTeam "Herzliya Chess Club"]
[WhiteTeamCountry "MDA"]
[BlackTeamCountry "ISR"]

1. e4 c5 2. Nf3 e6 3. d3 Nc6 4. g3 d5 5. Nbd2 g6 6. Bg2 Bg7 7. O-O Nge7 8. Re1
O-O 9. e5 (9. h4 h6 10. e5 f5 11. exf6 Rxf6 {Bologan-Lautier/Chalkidiki/1992}
12. Nb3 Qd6 (12... e5 13. Nh2 $14) 13. d4 cxd4 14. Nfxd4 e5 15. Nb5 $14 {
Lautier}) 9... f6 $146 {Die Idee aus Bologan-Lautier. Das unterlassene Zugpaar
h4/h6 spricht hier f�r Wei�.} 10. exf6 Rxf6 11. c3 Rf8 (11... e5 12. c4 $14
) 12. Nf1 (12. Nb3 $5 Qd6 13. d4) 12... Qd6 13. Qe2 Bd7 14. Ne3 Rae8 15. h4 Nf5
16. Nxf5 gxf5 17. c4 f4 $5 18. gxf4 (18. Bxf4 e5 $1 (18... Rxf4 $2 19. gxf4
Qxf4 20. Qe3 $16) 19. Be3 Bg4 20. cxd5 Nd4 21. Bxd4 cxd4 $44 22. Qe4 Bf5 23.
Qe2 Bg4 $10) 18... Nd4 19. Nxd4 Bxd4 20. Be3 Bg7 21. Rad1 Kh8 22. d4 cxd4 23.
Bxd4 (23. Rxd4 $1 Bxd4 $140 $2 (23... Bc6 24. Red1 $16) 24. Bxd4+ $18) 23...
Qxf4 24. Bxg7+ Kxg7 25. Qe5+ Qxe5 26. Rxe5 Bc6 27. Rde1 (27. cxd5 exd5 28. Rxe8
Rxe8 29. Bxd5 Re2 30. b4 Bxd5 31. Rxd5 Rxa2 32. Rd7+ Kg6 33. Rxb7 $10) 27...
dxc4 28. Bxc6 bxc6 29. Rc5 (29. Rxe6 Rxe6 30. Rxe6 Rb8 31. Re2 Kg6 $14) 29...
Rf4 30. Rxc6 Kf6 31. Rc1 Rg8+ 32. Kf1 Rgg4 33. Re1 Re4 $10 34. Rc7 Rxe1+ 35.
Kxe1 Rxh4 36. Rxa7 Ke5 37. Kd2 Kd4 38. Rd7+ Kc5 39. Rf7 Rh1 40. Rc7+ Kd4 41. a4
h5 42. Rh7 Rb1 43. Kc2 Rf1 44. Rxh5 Rxf2+ 45. Kb1 e5 46. a5 1/2-1/2

[Event "Groningen op"]
[Site "Groningen"]
[Date "1990.??.??"]
[Round "6"]
[White "Carlier, Bruno"]
[Black "Akopian, Vladimir Eduardovic"]
[Result "0-1"]
[WhiteElo "2390"]
[BlackElo "2535"]
[Annotator "Horn,Pe"]
[PlyCount "120"]
[EventDate "1990.??.??"]
[EventType "swiss"]
[EventRounds "9"]
[EventCountry "NED"]
[SourceTitle "CBM 022"]
[Source "ChessBase"]
[SourceDate "1991.06.01"]
[SourceVersion "1"]
[SourceVersionDate "1991.06.01"]
[SourceQuality "1"]

1. g3 g6 2. Bg2 Bg7 3. Nf3 Nf6 4. O-O O-O 5. d3 d5 6. Nbd2 c5 7. e4 Nc6 8. c3
dxe4 9. dxe4 h6 10. Qe2 Be6 11. h3 (11. Ne1 Qb6 12. h3 Rad8 13. Kh2 Nh7 14. f4
$14 {Petrosian-Reshevsky, Zürich 1953}) (11. Nc4 {Shirov}) 11... Qb6 12. Nh4 $6
(12. Ne1) 12... Rad8 13. f4 Rd3 $1 {Das wäre nach Ne1 nicht möglich gewesen.}
14. Kh2 (14. Qxd3 $4 c4+ $19) 14... Rfd8 15. f5 gxf5 16. Nxf5 Qc7 {/\ Bf5} 17.
Rf3 Rxf3 18. Bxf3 (18. Nxf3 $1) 18... Ne5 19. Bg2 Nd3 20. Nxg7 Kxg7 21. Nf3 c4
22. Be3 Rh8 23. e5 Nd7 24. Bd4 Kf8 $17 {><e5} 25. Rg1 Ke8 26. b4 Rg8 27. Bh1
Bd5 28. Qe3 Qc6 29. Bg2 b6 30. Nh4 Rg5 31. e6 Qxe6 32. Qxe6 Bxe6 33. Nf3 Rg8
34. a4 Bd5 $2 (34... a6 $5 $17) 35. a5 e6 $2 (35... Kd8 $1 36. axb6 axb6 37.
Ra1 Kc8) 36. axb6 axb6 37. Ra1 Ke7 38. Be3 h5 39. Ra7 $146 Kd6 $2 40. Nd4 Bxg2
41. Nb5+ Ke7 (41... Kc6 42. Nd4+ Kd6 $10) 42. Kxg2 h4 $2 (42... Rb8) 43. g4 f5
44. Bxb6 fxg4 45. hxg4 Rxg4+ 46. Kh3 Rg5 47. Nd4 Rh5 48. Nf3 e5 49. Be3 Kd6 50.
Nd2 Nf4+ $2 51. Bxf4 exf4 52. Ne4+ $18 Kd5 (52... Ke7 53. Rxd7+ $18) 53. Ra5+
Kxe4 54. Rxh5 Nb6 55. Rh6 Na4 56. b5 f3 57. Rf6 Ke3 58. Kxh4 f2 59. Kg3 Nxc3
60. b6 $4 (60. Rf3+ Ke4 61. b6 $18) 60... Ne4+ 0-1

[Event "Bern zt"]
[Site "Bern"]
[Date "1990.??.??"]
[Round "4"]
[White "Hickl, Joerg"]
[Black "Lev, Ronen"]
[Result "1-0"]
[WhiteElo "2500"]
[BlackElo "2390"]
[Annotator "Horn,Pe"]
[PlyCount "131"]
[EventDate "1990.01.??"]
[EventType "tourn"]
[EventRounds "15"]
[EventCountry "SUI"]
[EventCategory "9"]
[SourceTitle "CBM 017"]
[Source "ChessBase"]
[SourceDate "1990.08.01"]
[SourceVersion "1"]
[SourceVersionDate "1990.08.01"]
[SourceQuality "1"]

1. g3 c5 2. Bg2 Nc6 3. e4 g6 4. d3 Bg7 5. Nf3 Nf6 6. O-O O-O 7. c3 d5 8. Nbd2 {
->A08} e5 9. Re1 (9. a3 h6 10. b4 cxb4 11. axb4 b5 $6 (11... d4 12. b5 dxc3 13.
bxc6 cxd2) 12. Ba3 Re8 13. Qc2 Bg4 14. Nb3 Qc8 15. Rfc1 $14 {
Petrosian-Teschner, Stockholm izt 1962}) 9... h6 10. a4 Re8 11. exd5 Nxd5 12.
Nc4 {= laut ECO} Nb6 {N} (12... Bf5 $5 13. h3 Nb6 14. Nxb6 axb6 15. Bf1 Qd7 16.
Kh2 Red8 17. Qb3 Bxd3 18. Qxb6 Bxf1 19. Rxf1 e4 $15 {Wade-Browne, Hastings 1973
}) 13. Ne3 {verhindert Bf5; es droht a4-a5} Na5 (13... a5 $5) 14. Qc2 (14. b4
cxb4 15. cxb4 e4) (14. c4 $5 {/\ Bd2}) 14... c4 (14... Be6 15. c4) 15. dxc4
Nbxc4 16. Rd1 $1 Qc7 17. Nd5 $16 Qb8 18. Nh4 $5 {verhindert sowohl Bf5 als
auch f5} Kh7 19. b4 Nc6 20. Qa2 Nd6 21. b5 Na5 22. Ba3 {/\ 23.Nf6+ Bxf6 24.Bxd6
} Nac4 23. Bb4 Bg4 24. Re1 a5 25. Bxd6 Nxd6 26. b6 {/\ Nc7} Be6 27. Qc2 (27.
Qb1 $5 Bxd5 28. Bxd5 {/\ Bxf7; Pb6 ist gedeckt}) 27... Bxd5 $8 28. Bxd5 Qd8 29.
c4 (29. Bxf7 $2 Nxf7 30. Qxg6+ Kg8 31. Nf5 Qf6) 29... Qxb6 30. c5 Qc7 31. Rac1
Nc8 (31... Rac8 $4 32. Qb2) (31... Rec8 32. Qb3) 32. f4 $1 {/\ f5} (32. Qb3 Re7
) 32... f5 33. Qc4 {/\ Bf7} Ne7 (33... Re7 $4 34. Bg8+ Kh8 35. Nxg6#) 34. Bf7
Rf8 35. Qe6 Ra6 36. c6 $1 Rxc6 37. Rxc6 bxc6 38. Bxg6+ Nxg6 39. Qxg6+ Kh8 40.
Nxf5 Qf7 41. Qxg7+ Qxg7 42. Nxg7 Kxg7 43. Rxe5 $18 Rc8 44. Rc5 Kf6 45. Kf2 Ke6
46. Ke3 Kd6 47. Rxa5 c5 48. Kd3 Kd5 49. Ra7 Rb8 50. Kc3 Re8 51. Rd7+ Kc6 52.
Rh7 Re3+ 53. Kd2 Ra3 54. Rxh6+ Kd5 55. f5 Ra2+ 56. Kc3 Ra3+ 57. Kb2 Rxa4 58. h3
Re4 59. g4 Rf4 60. f6 Kc4 61. g5 Rf2+ 62. Kc1 Kd3 63. Rh8 Rf1+ 64. Kb2 Rf2+ 65.
Ka3 c4 66. g6 1-0

[Event "Interzonal-15"]
[Site "Manila"]
[Date "1990.??.??"]
[Round "5"]
[White "Dolmatov, Sergey"]
[Black "Sokolov, Andrei"]
[Result "1-0"]
[WhiteElo "2615"]
[BlackElo "2570"]
[Annotator "Horn,Pe"]
[PlyCount "129"]
[EventDate "1990.06.29"]
[EventType "swiss"]
[EventRounds "13"]
[EventCountry "PHI"]
[SourceTitle "CBM 019"]
[Source "ChessBase"]
[SourceDate "1990.12.01"]
[SourceVersion "1"]
[SourceVersionDate "1990.12.01"]
[SourceQuality "1"]

1. e4 c5 2. Nf3 e6 3. d3 Nc6 4. g3 d5 5. Nbd2 g6 6. Bg2 Bg7 7. O-O Nge7 8. Re1
(8. exd5 $5 exd5 9. d4 $13) 8... b6 $5 (8... h6) 9. c3 a5 10. Nf1 (10. a4 d4
$15 (10... h6) 11. cxd4 Nxd4 $6 (11... cxd4 12. e5 $5 (12. Nc4 e5)) 12. Nxd4
Bxd4 $6 (12... cxd4 13. e5 Ra7 14. Nc4) 13. e5 $1 $36) (10. e5 g5 $1 $13) 10...
dxe4 (10... a4 $5) (10... d4 $5 {Dolmatov}) 11. dxe4 Qxd1 12. Rxd1 $14 a4 13.
Rb1 $5 (13. Ne3 Ba6 14. e5 Rd8 15. Rxd8+ Kxd8 16. Ng4 h6 17. b3 {Yurtaev-Jukic,
Frunze 1987}) 13... O-O (13... a3 14. bxa3 Bxc3 15. Rxb6) 14. Bf4 e5 $6 {
Stellt den Bg7 tot und verbleibt ohne Gegenspiel für die weißfeldrigen
Schwächen am Q-Flügel.} (14... a3 15. Rdc1 $14 {Dolmatov}) 15. Be3 Be6 16. b3
axb3 17. axb3 Rfd8 18. N1d2 f6 19. Bf1 Bf8 (19... Nd4 $5 20. cxd4 cxd4 21. Bxd4
exd4 22. Bc4 $14) 20. b4 $6 Ra3 $2 (20... cxb4 21. cxb4 Nc8) 21. bxc5 bxc5 22.
Rdc1 Nc8 23. Bc4 Bxc4 24. Nxc4 Ra4 25. Nfd2 Nd6 26. Nb6 Ra2 27. Ra1 Rxa1 28.
Rxa1 f5 29. Nd5 fxe4 (29... Kf7 $5) 30. Nf6+ Kf7 31. Nfxe4 Nf5 32. Ra6 Nxe3 33.
fxe3 Nb8 34. Rf6+ Ke7 35. Rb6 Nd7 36. Rc6 Ra8 37. Kf2 Ra2 38. Ke2 Kd8 39. Kd3
Be7 40. h4 Nb8 41. Re6 Nd7 (41... Kd7 42. Rxe5 Nc6 43. Nxc5+ $1 $18) 42. Nc4
Rg2 43. Na5 Bf8 44. Nc6+ Kc7 45. Nxe5 Nxe5+ 46. Rxe5 Kd8 (46... Bd6 47. Rd5 $18
) 47. h5 Be7 48. hxg6 hxg6 49. Re6 g5 50. Re5 Kd7 51. Kc4 Rg1 (51... g4 52. Rf5
{/\ Rf4}) 52. Nxg5 Rxg3 53. Ne4 Rh3 54. Nxc5+ Kd8 55. Ne6+ Kd7 56. Nd4 Bf6 57.
Rf5 Ke7 58. Kd3 Rh1 59. c4 Ra1 60. Rb5 Ra3+ 61. Ke4 Kd7 62. Rb7+ Kc8 63. Rb3
Ra1 64. Kd5 Rd1 65. c5 1-0

[Event "EU-Cup 07th semifinal"]
[Site "Moscow"]
[Date "1990.09.??"]
[Round "4.1"]
[White "Yurtaev, Leonid"]
[Black "Dokhoian, Yury"]
[Result "1-0"]
[WhiteElo "2515"]
[BlackElo "2540"]
[Annotator "Horn,Pe"]
[PlyCount "91"]
[EventDate "1990.09.??"]
[EventType "team-match"]
[EventRounds "2"]
[EventCountry "URS"]
[SourceTitle "EXT 2020"]
[Source "ChessBase"]
[SourceDate "2019.10.17"]
[SourceVersion "1"]
[SourceVersionDate "2019.10.17"]
[SourceQuality "1"]
[WhiteTeam "Moscow CSKA"]
[BlackTeam "Moscow Tigran Petrosian"]
[WhiteTeamCountry "URS"]
[BlackTeamCountry "RUS"]

1. Nf3 Nf6 2. g3 c5 3. Bg2 Nc6 4. O-O e5 5. d3 d5 6. Nbd2 (6. Bg5 $5) 6... Bd6
$5 {Gewinnt nach Nbd2 an Kraft, da das Gegenspiel gegen d5 mit Nc3 entfällt.}
7. e4 d4 8. Nh4 $5 {N, /\ Nf5} (8. Nc4 Bc7 9. a4) 8... g6 9. Nc4 (9. f4 $6 exf4
10. gxf4 Ng4 $17 (10... Nh5 $5)) 9... Bc7 10. a4 Be6 11. b3 Nd7 12. Bh6 Qe7 (
12... g5 $6 13. Nf5 Bxf5 14. exf5 Qf6 15. Qh5 $16) 13. Bf3 Rg8 (13... g5 $6 14.
Nf5 Bxf5 15. exf5 Qf6 16. Bxc6 bxc6 (16... Qxc6 17. Bxg5 $18) 17. Qh5 Rg8 18.
g4 $16) 14. Bd2 O-O-O (14... h5 $5) 15. Bg4 Rdf8 16. Bxe6 Qxe6 17. Rb1 f5 18.
f3 Bd8 19. Ng2 Be7 20. Qe2 g5 $2 21. exf5 Rxf5 22. f4 $1 gxf4 (22... Qg6 23.
fxe5 Ndxe5 24. Rxf5 Qxf5 25. Rf1 $16) 23. Nxf4 Qf7 24. Nh3 $1 {/\ Nf2-e4} Rf8
25. Nf2 Qg6 26. Ne4 h5 27. Rxf5 Rxf5 28. Rf1 Kc7 29. Kg2 a6 $6 (29... b6 {
/\ a6,b5}) 30. a5 Nf6 31. Rxf5 Qxf5 32. Qf3 {Das angestrebte Endspiel ist
günstig wegen der Majorität am Königsflügel.} Qxf3+ 33. Kxf3 Nd5 34. h4 Kd7 35.
g4 hxg4+ 36. Kxg4 Ke6 37. h5 Ndb4 38. h6 Kf7 39. Bxb4 Nxb4 40. Nxe5+ Kg8 41.
Kh5 Nd5 42. Kg6 Nf4+ 43. Kf5 Ng2 44. Ke6 Bd8 45. Kd7 Bh4 46. Nf3 1-0

[Event "YUG-ch"]
[Site "Kladovo"]
[Date "1990.??.??"]
[Round "?"]
[White "Lazic, Miroljub"]
[Black "Todorovic, Goran M"]
[Result "0-1"]
[WhiteElo "2495"]
[BlackElo "2415"]
[Annotator "Horn,Pe"]
[PlyCount "64"]
[EventDate "1990.02.??"]
[EventType "tourn"]
[EventRounds "15"]
[EventCountry "YUG"]
[EventCategory "9"]
[SourceTitle "CBM 017"]
[Source "ChessBase"]
[SourceDate "1990.08.01"]
[SourceVersion "1"]
[SourceVersionDate "1990.08.01"]
[SourceQuality "1"]

1. e4 c5 2. Nf3 e6 3. d3 Nc6 4. g3 d5 5. Nbd2 Nge7 6. Bg2 g6 7. O-O Bg7 8. Re1
h6 9. Qe2 b6 10. h4 Bb7 $5 {N} (10... a5 11. e5 g5 12. hxg5 hxg5 13. Nxg5 Nxe5
14. Ndf3 N5g6 {Kovalev-Kalinichev, Berlin 1987}) 11. e5 g5 12. hxg5 hxg5 13.
Nxg5 Nxe5 14. Ndf3 N7g6 (14... N5g6 15. Nxf7 $1 Kxf7 16. Ng5+ Ke8 17. Nxe6 $18)
15. Nxe5 Bxe5 16. d4 cxd4 17. Qg4 Bc8 18. f4 Bf6 19. f5 e5 20. Nxf7 Bxf5 21.
Qxf5 Kxf7 22. Rf1 (22. Bg5 Rh5 23. Qxf6+ Qxf6 24. Bxf6 Kxf6 25. Bxd5) 22... Kg7
23. Bxd5 Nf4 24. Bf3 (24. Bxa8 Qxa8 25. Bxf4 (25. gxf4 Qh1+ 26. Kf2 Rh2+ 27.
Ke1 Bh4+) 25... Qh1+ 26. Kf2 Qh2+ 27. Ke1 exf4 28. Qxf4 Re8+ 29. Kd1 Qe2+ 30.
Kc1 Re6) (24. Be4 $1 Nh5 25. Qg6+ Kf8 26. Bg5) 24... Nh3+ 25. Kg2 Qc8 26. Bxa8
(26. Qxc8 Raxc8 27. Be4) 26... Qxa8+ 27. Rf3 $2 (27. Qf3) 27... Qc6 28. Bd2 e4
29. Qg4+ Bg5 30. Kf1 exf3 31. Bxg5 Qc4+ 32. Ke1 Qe2# 0-1

[Event "Salamanca"]
[Site "Salamanca"]
[Date "1990.??.??"]
[Round "4"]
[White "Todorcevic, Miodrag"]
[Black "Sanz Alonso, Francisco Javier"]
[Result "1-0"]
[WhiteElo "2550"]
[BlackElo "2450"]
[Annotator "Horn,Pe"]
[PlyCount "81"]
[EventDate "1990.02.??"]
[EventType "tourn"]
[EventRounds "9"]
[EventCountry "ESP"]
[EventCategory "9"]
[SourceTitle "CBM 018"]
[Source "ChessBase"]
[SourceDate "1990.10.01"]
[SourceVersion "1"]
[SourceVersionDate "1990.10.01"]
[SourceQuality "1"]

1. g3 e5 2. Bg2 d5 3. d3 c5 4. Nd2 Nf6 5. e4 Nc6 6. Ngf3 g6 7. exd5 Nxd5 8. O-O
Bg7 9. Nc4 O-O 10. Re1 Re8 11. c3 Bf5 $2 (11... h6 12. a4 (12. Qb3 $5) 12...
Bf5 $10 13. h3 Nb6 14. Nxb6 axb6 15. Bf1 Qd7 16. Kh2 Red8 17. Qb3 Bxd3 18. Qxb6
Bxf1 19. Rxf1 e4 $15 {Wade-Browne, Hastings 1972/73}) 12. Qb3 Nb6 13. Ng5 $1 {
 []xf7} Qc7 (13... Nxc4 14. Qxc4 Qd7 15. Bd5 Re7 16. Qxc5 Bxd3 $2 17. Rd1) 14.
Nd6 $1 $18 Bxd3 (14... Qxd6 15. Qxf7+ Kh8 16. Qxe8+ Rxe8 17. Nf7+ Kg8 18. Nxd6
$18) 15. Nxe8 Rxe8 16. Be3 Na5 17. Qa3 Nac4 18. Qxc5 Qd7 19. a4 a6 20. Qb4 Nd5
21. Bxd5 Qxd5 22. b3 Nxe3 23. Rxe3 Bf5 24. Rae1 h6 25. Ne4 Bh3 26. c4 Qc6 27.
Qd6 Bd7 28. Rd3 Bf5 29. Qxc6 bxc6 30. Rd6 Rc8 31. Nf6+ Kf8 32. Ne4 Ke7 33. Rd2
Rb8 34. Nc5 a5 35. f4 Bf8 36. Rxe5+ Kf6 37. Nd7+ Bxd7 38. Rxd7 Rxb3 39. Rxa5
Rc3 40. Kg2 Rc2+ 41. Kh3 1-0

[Event "Kecskemet"]
[Site "Kecskemet"]
[Date "1990.??.??"]
[Round "10"]
[White "Bilek, Istvan"]
[Black "Stangl, Markus"]
[Result "0-1"]
[WhiteElo "2395"]
[BlackElo "2405"]
[Annotator "Horn,Pe"]
[PlyCount "64"]
[EventDate "1990.06.??"]
[EventType "tourn"]
[EventRounds "13"]
[EventCountry "HUN"]
[EventCategory "8"]
[SourceTitle "CBM 020"]
[Source "ChessBase"]
[SourceDate "1991.02.01"]
[SourceVersion "1"]
[SourceVersionDate "1991.02.01"]
[SourceQuality "1"]

1. Nf3 c5 2. g3 Nc6 3. Bg2 g6 4. O-O Bg7 5. d3 e6 6. e4 Nge7 7. Re1 O-O 8. c3
d5 9. Nbd2 b6 10. Qc2 $2 Ba6 11. exd5 (11. Bf1) 11... Nxd5 12. a4 Rc8 $1 13.
Nc4 $2 Ncb4 $1 $19 14. cxb4 (14. Qe2 Nxc3 15. bxc3 Qxd3 16. cxb4 (16. Qxd3 Nxd3
17. Ncd2 Nxe1 18. Nxe1 Bxc3) 16... Qxe2 17. Rxe2 Bxc4) 14... Nxb4 15. Qb3 (15.
Qe2 Qxd3) 15... Qxd3 16. Qxd3 Nxd3 17. Ncd2 Nxe1 18. Nxe1 Rfd8 19. Nef3 Bd3 20.
Bf1 c4 21. Bxd3 Rxd3 22. Kf1 c3 23. bxc3 Bxc3 24. Rb1 Bxd2 25. Nxd2 Rxc1+ 26.
Rxc1 Rxd2 27. Rc7 a5 28. Rb7 Rb2 29. Kg2 Kg7 30. Kf3 h5 31. h3 g5 32. Kg2 Kg6
0-1

[Event "YUG-ch"]
[Site "Kladovo"]
[Date "1990.??.??"]
[Round "?"]
[White "Nikolic, Zivoslav"]
[Black "Todorovic, Goran M"]
[Result "1/2-1/2"]
[WhiteElo "2455"]
[BlackElo "2415"]
[Annotator "Horn,Pe"]
[PlyCount "24"]
[EventDate "1990.02.??"]
[EventType "tourn"]
[EventRounds "15"]
[EventCountry "YUG"]
[EventCategory "9"]
[SourceTitle "CBM 017"]
[Source "ChessBase"]
[SourceDate "1990.08.01"]
[SourceVersion "1"]
[SourceVersionDate "1990.08.01"]
[SourceQuality "1"]

1. Nf3 c5 2. g3 d5 3. Bg2 Nc6 4. O-O e5 5. d3 Nf6 6. e4 dxe4 7. dxe4 Qxd1 8.
Rxd1 Nd4 9. Nxd4 (9. Na3 Bg4 10. Rd3 Bxf3 11. Bxf3 b5 12. c3 Nxf3+ 13. Rxf3 a6
$10 {Hickl-Inkiov, Zagreb izt 1987}) 9... cxd4 10. c3 {N} (10. Nd2 Bg4 11. f3
Be6 12. Bf1 $10 {Tringov-Todorovic, Pancevo 1987}) 10... Bc5 11. b4 Bb6 12. Bb2
Bg4 1/2-1/2

[Event "WchT 2nd"]
[Site "Luzern"]
[Date "1989.??.??"]
[Round "5.4"]
[White "Franzoni, Giancarlo"]
[Black "Kuijf, Marinus"]
[Result "1/2-1/2"]
[WhiteElo "2460"]
[BlackElo "2530"]
[Annotator "Horn,Pe"]
[PlyCount "94"]
[EventDate "1989.10.27"]
[EventType "team-tourn"]
[EventRounds "9"]
[EventCountry "SUI"]
[SourceTitle "CBM 016"]
[Source "ChessBase"]
[SourceDate "1990.06.01"]
[SourceVersion "1"]
[SourceVersionDate "1990.06.01"]
[SourceQuality "1"]
[WhiteTeam "Switzerland"]
[BlackTeam "Netherlands"]
[WhiteTeamCountry "SUI"]
[BlackTeamCountry "NED"]

1. e4 e6 2. d3 d5 3. Nd2 c5 4. Ngf3 Nc6 5. g3 Bd6 6. Bg2 Nge7 7. O-O O-O 8. Re1
Bc7 9. exd5 (9. c3 a5 (9... b6 10. exd5 (10. e5 a5 11. Nf1 Ba6 12. h4 d4 13. c4
Bd6 14. N1h2 {Sznapik-Karpov, Skopje ol 72}) 10... exd5 11. d4 cxd4 12. Nxd4
Nxd4 13. cxd4 Bf5 14. Nf1 $14 {Hort-Kärner, Tallinn 75}) 10. a4 b6 11. exd5
exd5 12. d4 Bg4 $10 {Medina-Portisch, Palma de Mallorca 67}) 9... Nxd5 10. Ne4
(10. Nb3 b6 11. d4) 10... b6 (10... Bb6 11. a3 h6 12. c4 Nf6 13. Bf4 Nxe4 14.
dxe4 Re8 15. e5 Qxd1 16. Raxd1 {Hort-Lobron, Dortmund 83}) 11. d4 cxd4 12. Nxd4
Nxd4 13. Qxd4 Rb8 (13... Bb7 14. c4 Nb4 15. Qc3) 14. Bd2 Ne7 15. Qxd8 Rxd8 16.
Rad1 Bb7 17. Bg5 Kf8 18. Nc3 Bxg2 19. Kxg2 a6 20. Ne4 f6 21. Bc1 Kf7 22. c4 Nc6
23. Bd2 Ne5 24. Bf4 Ke7 25. b3 Rbc8 {/\ Nd3} 26. Bxe5 Bxe5 27. f4 Bd4 28. Rd3
b5 29. Red1 e5 30. fxe5 fxe5 31. cxb5 axb5 32. Ng5 Rc2+ 33. R1d2 Rxd2+ 34. Rxd2
h6 35. Nf3 Ke6 36. a4 Kd5 37. axb5 Rb8 38. Nh4 Ke4 39. g4 Ke3 40. Ra2 Rxb5 41.
Nf5+ Kd3 42. Nxg7 e4 43. Nf5 Rxb3 44. Nxh6 e3 45. Nf5 Rb2+ 46. Rxb2 Bxb2 47.
Nxe3 Kxe3 1/2-1/2